Name Disney Movies #1 - Statistics

General Stats
  • This quiz has been taken 100 times
  • The average score is 12 of 12
Answer Stats
Picture Answer % Correct
Aladdin
100%
Cars
100%
Finding Nemo
100%
Peter Pan
100%
The Lion KIng
100%
Toy Story
100%
Up
100%
Ratatouille
99%
Snow White and the Seven Dwarfs
98%
101 Dalmatians
96%
The Jungle Book
95%
Tarzan
94%
No matching quizzes found
Score Distribution
Percent of People with Each Score
Percentile by Number Answered
Your Score History
You have not taken this quiz